000 00621nam a2200217Ia 4500
003 OSt
005 20220928143033.0
006 a|||||r|||| 00| 0
007 ta
008 220927b |||||||| |||| 00| 0 eng d
024 _a20548
037 _cTextual
040 _aSDCL
_cSDCL
_beng
041 _2eng
_aeng
082 _aE982:91, M4
100 _aINTERNATIONAL UNION OF BIOCHEMISTRY,NOMENCLATURE(cOMMITTEE).
_9504218
245 0 _aEnzyme nomenclature.
260 _c1984
942 _hE982:91, M4
_cTEXL
_2CC
999 _c822661
_d822661